00268nam a22001217a 4500003000400000020002200004082001600026100001500042245004100057250000800098260003200106300000800138SGT a978-93-89987-22-0 a635.09bBHA aBHAT, K.L. aMINOR VEGETABLES UN-TAPPED POTENTIAL a2ND aINDIA bKALYANI PUB. c2020 a521